| Record ID | ia:readyreferenceha0000dodd_r3t6 |
| Source | Internet Archive |
| Download MARC XML | https://archive.org/download/readyreferenceha0000dodd_r3t6/readyreferenceha0000dodd_r3t6_marc.xml |
| Download MARC binary | https://www.archive.org/download/readyreferenceha0000dodd_r3t6/readyreferenceha0000dodd_r3t6_meta.mrc |
LEADER: 00749cam a2200241 a 4500
001 2002023579
003 DLC
005 20040302150108.0
008 020313s2003 nyu 001 0 eng
010 $a 2002023579
020 $a032110756X
040 $aDLC$cDLC$dDLC
050 00 $aPE1408$b.D595 2003
082 00 $a808/.042$221
100 1 $aDodds, Jack.
245 14 $aThe ready reference handbook :$bwriting, revising, editing /$cJack Dodds.
250 $a3rd ed.
260 $aNew York :$bLongman,$cc2003.
300 $ax, 499 p. ;$c21 cm.
500 $aIncludes index.
650 0 $aEnglish language$xRhetoric$vHandbooks, manuals, etc.
650 0 $aEnglish language$xGrammar$vHandbooks, manuals, etc.
650 0 $aReport writing$vHandbooks, manuals, etc.